Human Resource management Issues and Strategies (Record no. 1154)
[ view plain ]
| 000 -LEADER | |
|---|---|
| fixed length control field | 00606nam a2200205Ia 4500 |
| 003 - CONTROL NUMBER IDENTIFIER | |
| control field | BUBTL |
| 008 - FIXED-LENGTH DATA ELEMENTS--GENERAL INFORMATION | |
| fixed length control field | 151213s9999 xx 000 0 und d |
| 020 ## - INTERNATIONAL STANDARD BOOK NUMBER | |
| International Standard Book Number | 0201624400 |
| 082 ## - DEWEY DECIMAL CLASSIFICATION NUMBER | |
| Classification number | 658.3/ H2451h/ 1993 |
| 100 ## - MAIN ENTRY--PERSONAL NAME | |
| Personal name | Harrison, Rosemary |
| 9 (RLIN) | 2850 |
| 245 ## - TITLE STATEMENT | |
| Title | Human Resource management Issues and Strategies |
| Statement of responsibility, etc. | Rosemary Harrison |
| 260 ## - PUBLICATION, DISTRIBUTION, ETC. (IMPRINT) | |
| Place of publication, distribution, etc. | New York |
| Name of publisher, distributor, etc. | Addison-Wesley |
| Date of publication, distribution, etc. | c1993 |
| 300 ## - PHYSICAL DESCRIPTION | |
| Extent | xvi, 420p . : |
| Other physical details | ill. ; 23cm. |
| 500 ## - GENERAL NOTE | |
| General note | Includes Index |
| 650 ## - SUBJECT ADDED ENTRY--TOPICAL TERM | |
| Topical term or geographic name as entry element | Management |
| 9 (RLIN) | 2851 |
| 700 ## - ADDED ENTRY--PERSONAL NAME | |
| Personal name | Rosemary Harrison |
| 9 (RLIN) | 2852 |
| 856 ## - ELECTRONIC LOCATION AND ACCESS | |
| Password | 0 |
| Logon | 0 |
| Link text | Download |
| 942 ## - ADDED ENTRY ELEMENTS (KOHA) | |
| Source of classification or shelving scheme | |
| Koha item type | Books |
| Withdrawn status | Lost status | Source of classification or shelving scheme | Damaged status | Not for loan | Collection code | Permanent location | Current location | Shelving location | Date acquired | Inventory number | Total Checkouts | Full call number | Barcode | Date last seen | Copy number | Price effective from | Koha item type |
|---|---|---|---|---|---|---|---|---|---|---|---|---|---|---|---|---|---|
| Non-fiction | Bangladesh University of Business and Technology Library | Bangladesh University of Business and Technology Library | Management Stacks | 01/01/2020 | 1393 | 658.3 / HAH | BUBTL-20031393 | 01/01/2020 | C-1 | 01/01/2020 | Books |
